Top 50 largest public companies 2024 - Statistics

General Stats
  • This quiz has been taken 71 times
  • The average score is 14 of 50
Answer Stats
Rank Country/Territory Answer % Correct
12 US Apple
89%
6 US Amazon
73%
21 South Korea Samsung
65%
8 US Microsoft
64%
20 US Walmart
58%
24 US Meta
55%
11 Japan Toyota
55%
47 UK BP
47%
14 US Exxon Mobile
47%
3 Saudi Arabia Saudi Aramco
47%
17 UK Shell
47%
43 Germany Volkswagen
47%
10 US Alphabet
44%
5 US Bank of America
40%
22 US Chevron
33%
50 Switzerland Nestle
33%
41 China Alibaba
29%
1 US JPMorganChase
29%
36 Spain Santander
29%
25 France Total
29%
31 Germany Allianz
25%
15 UK HSBC Holdings
25%
39 Japan Mitsubishi
25%
37 US AT&T
24%
32 France BNP Paribas
22%
48 France LVMH
22%
38 China Tencent
22%
35 Switzerland UBS
22%
2 US Berkshire Hathaway
20%
28 US Citigroup
20%
46 Taiwan TSMC
20%
33 US Verizon
20%
18 China PetroChina
18%
27 Canada RBC
18%
13 China Bank of China
16%
23 US Goldman Sachs
16%
4 China ICBC
16%
26 US Morgan Stanley
16%
16 US Wells Fargo
16%
49 India Reliance Industries
15%
44 Canada Toronto-Dominion Bank
13%
19 US UnitedHealth
13%
42 China Sinopec
11%
9 China Agricultural Bank of China
9%
45 US Johnson & Johnson
9%
40 US Comcast
7%
7 China China Construction Bank
5%
30 Hong Kong China Mobile
5%
34 China China Merchants Bank
2%
29 China Ping An Insurance
0%
No matching quizzes found
Score Distribution
Percent of People with Each Score
Percentile by Number Answered
Your Score History
You have not taken this quiz